| 000 | 00642nam a22001577a 4500 | ||
|---|---|---|---|
| 003 | OSt | ||
| 005 | 20151020144204.0 | ||
| 008 | 151020b xxu||||| |||| 00| 0 eng d | ||
| 040 | _cRUA | ||
| 082 | _aAVM SIP 2010 B094 Or.1 | ||
| 100 |
_92519 _aSIP, PUTHISOPHUL. |
||
| 245 | _aEffect of water spinach broken rice and rice bran on rabbits growth, ឥទ្ថិពលនៃការប្រើប្រាស់ត្រកួន ចុងអង្ករ និងកន្ទក់លើការលូតលាស់របស់ទន្សាយ | ||
| 260 |
_aPhnom Penh _bRUA _c2010 |
||
| 300 |
_axiii; 41p. _bill. _c29cm. |
||
| 942 |
_2ddc _cAVM |
||
| 999 |
_c2372 _d2372 |
||